TOP 10 COUNTRIES WITH THE SEXIEST ACCENT - Statistics

General Stats
  • This quiz has been taken 239 times
  • The average score is 6 of 10
Answer Stats
Answer % Correct
2 France
93%
3 Italy
84%
5 Spain
84%
1 UK
83%
8 US
75%
4 Australia
61%
9 Brazil
55%
10 South Africa
15%
7 Scotland
14%
6 Irland
2%
No matching quizzes found
Score Distribution
Percent of People with Each Score
Percentile by Number Answered
Your Score History
You have not taken this quiz